Inovace jsou nedílnou součástí rozvoje ČEPS
Nové technológie a celoeurópske smerovanie k dekarbonizácii energetiky menia štruktúru zdrojov a chovanie zákazníkov. Inovácie ako jeden z pilierov budúceho rozvoja národného prevádzkovateľa prenosovej sústavy spoločnosti Česká energetická přenosová soustava (ČEPS). Inovácie ČEPS- dispečerské riaden...
Salvato in:
| Autore principale: | |
|---|---|
| Natura: | Capitolo di libro |
| Lingua: | ceco |
| Soggetti: | |
| Tags: |
Nessun Tag, puoi essere il primo ad aggiungerne!!
|
MARC
| LEADER | 00000naa a2200000 4500 | ||
|---|---|---|---|
| 001 | 0268749 | ||
| 005 | 20241118113532.4 | ||
| 041 | 0 | |a cze | |
| 044 | |a CZ | ||
| 245 | 1 | 0 | |a Inovace jsou nedílnou součástí rozvoje ČEPS |c Svatopluk Vnouček |
| 520 | |a Nové technológie a celoeurópske smerovanie k dekarbonizácii energetiky menia štruktúru zdrojov a chovanie zákazníkov. Inovácie ako jeden z pilierov budúceho rozvoja národného prevádzkovateľa prenosovej sústavy spoločnosti Česká energetická přenosová soustava (ČEPS). Inovácie ČEPS- dispečerské riadenie, prevádzka, údržba a obnova zariadení, trhy a flexibilita. Medzinárodné inovačné projekty s účasťou ČEPS. Národné projekty a aktivity ČEPS - BAART, Eflex a SecureFlex. | ||
| 610 | 2 | 0 | |a energetika |
| 610 | 2 | 0 | |a elektroenergetika |
| 610 | 2 | 0 | |a inovácia |
| 610 | 2 | 0 | |a riadenie dispečerské |
| 610 | 2 | 0 | |a projekty medzinárodné |
| 610 | 2 | 0 | |a technológie nové |
| 610 | 2 | 0 | |a dekarbonizácia |
| 610 | 2 | 0 | |a Česko |
| 100 | 1 | |a Vnouček, Svatopluk | |